[Event "POL Olympiad U14"]
[Site "Spala"]
[Date "2014.12.30"]
[Round "7.23"]
[White "Bakalarczyk, Jakub"]
[Black "Krawczyk, Piotr"]
[Result "0-1"]
[WhiteElo "1442"]
[BlackElo "1513"]
[PlyCount "38"]
[EventDate "2014.04.06"]
[EventType "swiss"]
[EventRounds "9"]
[EventCountry "POL"]
[SourceTitle "EXT 2023"]
[Source "ChessBase"]
[SourceDate "2022.10.05"]
[SourceVersion "1"]
[SourceVersionDate "2022.10.05"]
[SourceQuality "1"]

1. d4 Nf6 2. c4 c5 3. d5 b5 4. cxb5 a6 5. bxa6 g6 6. Nc3 Bxa6 7. g3 d6 8. Bg2 Bg7 9. Nf3 Nbd7 10. 0-0 0-0 11. Re1 Qc7 12. e4 Rfb8 13. Qc2 Ng4 14. Nd2 Nge5 15. Bf1 Bxf1 16. Kxf1 c4 17. f4 Nd3 18. Re3 Nb6 19. Ne2 Bxb2 0-1

[Event "POL-chT U19 45th"]
[Site "Maslow Pierwszy"]
[Date "2014.07.31"]
[Round "7"]
[White "Wierzbicki, Michal"]
[Black "Krawczyk, Piotr"]
[Result "1-0"]
[WhiteElo "1485"]
[BlackElo "1461"]
[PlyCount "105"]
[EventDate "2014.07.25"]
[EventType "team-tourn"]
[EventRounds "9"]
[EventCountry "POL"]
[SourceTitle "EXT 2015"]
[Source "ChessBase"]
[SourceDate "2014.11.20"]
[SourceVersion "1"]
[SourceVersionDate "2014.11.20"]
[SourceQuality "1"]
[WhiteTeam "Suwalki Hancza U19"]
[BlackTeam "Krakow KKSz U19"]
[WhiteTeamCountry "POL"]
[BlackTeamCountry "POL"]

1. d4 Nf6 2. Nf3 g6 3. Bg5 Bg7 4. Nbd2 0-0 5. e4 d6 6. c3 c5 7. dxc5 dxc5 8. Bc4 Nc6 9. 0-0 Qc7 10. Qe2 h6 11. Bh4 Nh5 12. Bg3 Nxg3 13. hxg3 b6 14. Rfd1 Bb7 15. Nf1 Rad8 16. Ne3 e6 17. Rxd8 Rxd8 18. Rd1 Rxd1+ 19. Qxd1 Qd8 20. Qd3 Qxd3 21. Bxd3 Ne5 22. Nxe5 Bxe5 23. f4 Bc7 24. Kf2 Kg7 25. Kf3 f5 26. g4 fxe4+ 27. Bxe4 Bxe4+ 28. Kxe4 Kf6 29. g3 g5 30. Kf3 Bd6 31. f5 Bf8 32. fxe6 Kxe6 33. Ke4 Bd6 34. Nf5 Bf8 35. c4 a6 36. a4 a5 37. b3 Be7 38. Nxe7 Kxe7 39. Ke5 Kd7 40. Kf5 Ke7 41. Kg6 Ke6 42. Kxh6 Kf6 43. Kh5 Kg7 44. Kxg5 Kf7 45. Kh6 Kg8 46. Kg6 Kh8 47. g5 Kg8 48. g4 Kh8 49. Kf7 b5 50. cxb5 c4 51. bxc4 Kh7 52. b6 Kh8 53. c5 1-0

[Event "POL-chT U19 45th"]
[Site "Maslow Pierwszy"]
[Date "2014.07.28"]
[Round "4"]
[White "Krawczyk, Piotr"]
[Black "Pacan Milej, Kosma"]
[Result "0-1"]
[WhiteElo "1461"]
[BlackElo "1670"]
[PlyCount "160"]
[EventDate "2014.07.25"]
[EventType "team-tourn"]
[EventRounds "9"]
[EventCountry "POL"]
[SourceTitle "EXT 2015"]
[Source "ChessBase"]
[SourceDate "2014.11.20"]
[SourceVersion "1"]
[SourceVersionDate "2014.11.20"]
[SourceQuality "1"]
[WhiteTeam "Krakow KKSz U19"]
[BlackTeam "Warszawa Gulermak Polonia U19"]
[WhiteTeamCountry "POL"]
[BlackTeamCountry "POL"]

1. d4 Nf6 2. c4 e6 3. Nc3 Bb4 4. Qc2 0-0 5. Nf3 b6 6. a3 Bxc3+ 7. bxc3 Bb7 8. Bg5 h6 9. Bh4 d6 10. e3 g5 11. Bg3 Ne4 12. Bd3 f5 13. 0-0-0 Nd7 14. h4 g4 15. Ne1 Nxg3 16. fxg3 Nf6 17. d5 Qe7 18. e4 fxe4 19. Bxe4 exd5 20. Bxd5+ Bxd5 21. cxd5 Qh7 22. Rf1 Qxc2+ 23. Nxc2 Ne4 24. Rxf8+ Rxf8 25. Rd4 Nf6 26. Ne3 h5 27. Kd2 Re8 28. Kc1 Rf8 29. Kd2 Re8 30. Kd3 Re5 31. c4 Nd7 32. Rf4 Nc5+ 33. Kd4 Kg7 34. Nf5+ Kg6 35. Ne3 a5 36. Rf2 Re8 37. Nd1 Re4+ 38. Kc3 Re7 39. Kd4 Ne4 40. Re2 Nxg3 41. Rxe7 Nf5+ 42. Ke4 Nxe7 43. Ne3 a4 44. g3 Kf6 45. Kf4 Ng6+ 46. Ke4 Ne5 47. Kd4 Nd7 48. Ke4 Nc5+ 49. Kf4 Nb3 50. Ke4 Nd2+ 51. Kf4 Kg6 52. Nc2 Nxc4 53. Ke4 Kf6 54. Kf4 b5 55. Ke4 Kg6 56. Kf4 Ne5 57. Nd4 b4 58. axb4 Nd3+ 59. Ke4 Nxb4 60. Nb5 Kf6 61. Na3 Na6 62. Nc4 Nc5+ 63. Kf4 Nd3+ 64. Ke4 Ne5 65. Na3 Nf7 66. Nc4 Nd8 67. Na3 Nf7 68. Nc4 Nh6 69. Kf4 Nf5 70. Na3 Nd4 71. Ke4 Ne2 72. Nc4 Nxg3+ 73. Kf4 Nf5 74. Na3 Nxh4 75. Kg3 Kg5 76. Nc4 Nf5+ 77. Kg2 h4 78. Kh2 h3 79. Kg1 g3 80. Ne3 Nxe3 0-1

[Event "POL Olympiad U14"]
[Site "Walbrzych"]
[Date "2013.??.??"]
[Round "7.14"]
[White "Krawczyk, Piotr"]
[Black "Pijewski, Milosz"]
[Result "1/2-1/2"]
[WhiteElo "1439"]
[BlackElo "1516"]
[PlyCount "52"]
[EventDate "2013.04.??"]
[EventType "team-swiss"]
[EventRounds "9"]
[EventCountry "POL"]
[SourceTitle "EXT 2014"]
[Source "ChessBase"]
[SourceDate "2013.11.20"]
[SourceVersion "1"]
[SourceVersionDate "2013.11.20"]
[SourceQuality "1"]

1. d4 Nf6 2. Bg5 e6 3. c4 Bb4+ 4. Nc3 h6 5. Bd2 c5 6. e3 Nc6 7. a3 Bxc3 8. Bxc3 cxd4 9. exd4 d5 10. c5 a5 11. Bd3 Bd7 12. Nf3 Qc7 13. Qc2 b6 14. cxb6 Qxb6 15. Qd2 a4 16. Ne5 Na5 17. Nxd7 Nxd7 18. Bc2 Nb3 19. Qd3 Nf6 20. Bxb3 Qxb3 21. f3 Nd7 22. Qd1 Qxd1+ 23. Kf2 f6 24. f4 Kf7 25. h4 h5 26. Ra2 Ra7 1/2-1/2

[Event "POL-chT U19 43th"]
[Site "Suchedniow"]
[Date "2012.07.??"]
[Round "9"]
[White "Krawczyk, Piotr"]
[Black "Chomczyk, Marek"]
[Result "0-1"]
[WhiteElo "1884"]
[BlackElo "1891"]
[PlyCount "96"]
[EventDate "2012.07.21"]
[EventType "team-tourn"]
[EventRounds "9"]
[EventCountry "POL"]
[SourceTitle "EXT 2014"]
[Source "ChessBase"]
[SourceDate "2013.11.20"]
[SourceVersion "1"]
[SourceVersionDate "2013.11.20"]
[SourceQuality "1"]
[WhiteTeam "Krakow KKSz 1893 U19"]
[BlackTeam "Warszawa Polonia U19"]
[WhiteTeamCountry "POL"]
[BlackTeamCountry "POL"]

1. d4 d5 2. c4 e6 3. Nc3 Nf6 4. Nf3 Bb4 5. Qc2 0-0 6. e3 c5 7. a3 Bxc3+ 8. bxc3 Nc6 9. cxd5 Nxd5 10. Bd3 h6 11. 0-0 b6 12. Bb2 cxd4 13. cxd4 Bb7 14. Rac1 Rc8 15. Qe2 Nf6 16. e4 Qe7 17. e5 Nd5 18. Bb1 Na5 19. Qd3 f5 20. exf6 Nxf6 21. Rfe1 Rxc1 22. Bxc1 Rc8 23. Ne5 Be4 24. Qa6 Qb7 25. Qxb7 Bxb7 26. Ba2 Bd5 27. Bxd5 exd5 28. Be3 Nc4 29. Nxc4 dxc4 30. Kf1 Nd5 31. Rc1 b5 32. Ke2 Kf7 33. Kd2 a5 34. Rb1 b4 35. axb4 axb4 36. Kc2 Ra8 37. Kb2 b3 38. Ra1 c3+ 39. Kb1 c2+ 40. Kb2 Rxa1 41. Kxa1 Nxe3 42. Kb2 Nd1+ 43. Kc1 Nc3 44. Kb2 Ke6 45. Kc1 Kd5 46. f4 Kc4 47. d5 Ne4 48. d6 Kc3 0-1

[Event "POL-chT U19 43th"]
[Site "Suchedniow"]
[Date "2012.07.??"]
[Round "6"]
[White "Witczak, Jakub"]
[Black "Krawczyk, Piotr"]
[Result "1-0"]
[WhiteElo "1705"]
[BlackElo "1884"]
[PlyCount "119"]
[EventDate "2012.07.21"]
[EventType "team-tourn"]
[EventRounds "9"]
[EventCountry "POL"]
[SourceTitle "EXT 2014"]
[Source "ChessBase"]
[SourceDate "2013.11.20"]
[SourceVersion "1"]
[SourceVersionDate "2013.11.20"]
[SourceQuality "1"]
[WhiteTeam "Gorzow Wielkopolski Stilon U19"]
[BlackTeam "Krakow KKSz 1893 U19"]
[WhiteTeamCountry "POL"]
[BlackTeamCountry "POL"]

1. d4 Nf6 2. Nf3 g6 3. Bf4 Bg7 4. e3 b6 5. Be2 Bb7 6. 0-0 0-0 7. c4 d6 8. h3 c5 9. Nc3 Nbd7 10. Qd2 Re8 11. Rfd1 a6 12. Bh2 Qc8 13. Rac1 Bc6 14. a3 a5 15. d5 Bb7 16. Nb5 Ba6 17. Qc2 Bxb5 18. cxb5 Qb7 19. Bc4 Kh8 20. e4 Ng8 21. Ng5 Rf8 22. f4 h6 23. Nf3 Qc7 24. Re1 f6 25. Kh1 g5 26. g3 Rae8 27. Ba2 Ra8 28. Nd4 Rfe8 29. Ne6 Qb7 30. fxg5 hxg5 31. h4 Bh6 32. Qe2 Ne5 33. Qh5 Nd3 34. hxg5 fxg5 35. Rf1 Ne5 36. g4 Nd7 37. Nxg5 Ndf6 38. Qg6 Rf8 39. Rc3 Bxg5 40. Qxg5 Rf7 41. Rh3+ Rh7 42. Rff3 Qd7 43. Rh4 Rxh4 44. Qxh4+ Nh7 45. Rf7 Ngf6 46. g5 Qg4 47. Qxg4 Nxg4 48. Rxe7 Nxg5 49. Bxd6 Nf2+ 50. Kg2 Nfxe4 51. Be5+ Kg8 52. d6+ Nf7 53. Bxf7+ Kh7 54. Bd5+ Kg6 55. Bxe4+ Kg5 56. Bxa8 Kg6 57. Be4+ Kg5 58. Rg7+ Kh5 59. Bf6 c4 60. Bf5 1-0

[Event "Solina Mind Sports U14 op"]
[Site "Solina"]
[Date "2012.04.19"]
[Round "6"]
[White "Tamon, Radoslaw"]
[Black "Krawczyk, Piotr"]
[Result "1-0"]
[WhiteElo "1655"]
[BlackElo "1884"]
[PlyCount "85"]
[EventDate "2012.04.15"]
[EventType "swiss"]
[EventRounds "9"]
[EventCountry "POL"]
[SourceTitle "EXT 2014"]
[Source "ChessBase"]
[SourceDate "2013.11.20"]
[SourceVersion "1"]
[SourceVersionDate "2013.11.20"]
[SourceQuality "1"]

1. e4 c5 2. Nf3 Nc6 3. Nc3 d6 4. d4 cxd4 5. Nxd4 e5 6. Nb3 Nf6 7. Be2 Be7 8. 0-0 0-0 9. Be3 a6 10. a3 b5 11. h3 Bb7 12. Bd3 Na5 13. Nxa5 Qxa5 14. Qe2 b4 15. axb4 Qxb4 16. Ra4 Qxb2 17. Qd2 Bc6 18. Ra2 Qb7 19. Rb1 Qd7 20. Rba1 Rfb8 21. Rxa6 Rxa6 22. Rxa6 d5 23. exd5 Nxd5 24. Rxc6 Qxc6 25. Nxd5 Rb1+ 26. Bf1 Rb7 27. Qa5 Rd7 28. Nxe7+ Rxe7 29. Qb5 Qxb5 30. Bxb5 Rc7 31. c4 Rb7 32. Bc6 Rc7 33. Bd5 Rd7 34. Be4 g6 35. g4 Kg7 36. c5 h5 37. c6 Rd1+ 38. Kg2 hxg4 39. c7 gxh3+ 40. Kxh3 f5 41. Bf3 e4 42. Bxd1 Kf6 43. c8Q 1-0

[Event "Rewal op-B 15th"]
[Site "Rewal"]
[Date "2010.08.27"]
[Round "8"]
[White "Czaja, Roman"]
[Black "Krawczyk, Piotr"]
[Result "1-0"]
[WhiteElo "2046"]
[BlackElo "1884"]
[PlyCount "75"]
[EventDate "2010.08.18"]
[EventType "swiss"]
[EventRounds "9"]
[EventCountry "POL"]
[SourceTitle "EXT 2014"]
[Source "ChessBase"]
[SourceDate "2013.11.20"]
[SourceVersion "1"]
[SourceVersionDate "2013.11.20"]
[SourceQuality "1"]

1. d4 Nf6 2. c4 c5 3. dxc5 Qa5+ 4. Nc3 Qxc5 5. e3 Nc6 6. Nf3 a6 7. a3 g6 8. b4 Qh5 9. Be2 Bg7 10. Bb2 d6 11. Nd5 0-0 12. Nxf6+ Bxf6 13. Bxf6 exf6 14. Qxd6 Be6 15. Qf4 Kg7 16. Nd4 Qe5 17. Qxe5 Nxe5 18. Nxe6+ fxe6 19. f4 Nc6 20. 0-0-0 Rfd8 21. Kc2 e5 22. Bf3 exf4 23. Bxc6 bxc6 24. exf4 Kf7 25. Kc3 Ke6 26. g4 Kf7 27. Rd4 Re8 28. Rd7+ Kg8 29. Rd6 Re3+ 30. Kd4 Rae8 31. Rxc6 R8e4+ 32. Kd5 Rxf4 33. Rd1 Rxg4 34. a4 Kf7 35. Rc7+ Ke8 36. b5 Re5+ 37. Kd6 Rge4 38. b6 1-0

[Event "Rewal op-B 15th"]
[Site "Rewal"]
[Date "2010.08.21"]
[Round "3"]
[White "Krawczyk, Piotr"]
[Black "Zawada, Jozef"]
[Result "1/2-1/2"]
[WhiteElo "1884"]
[BlackElo "1838"]
[PlyCount "151"]
[EventDate "2010.08.18"]
[EventType "swiss"]
[EventRounds "9"]
[EventCountry "POL"]
[SourceTitle "EXT 2014"]
[Source "ChessBase"]
[SourceDate "2013.11.20"]
[SourceVersion "1"]
[SourceVersionDate "2013.11.20"]
[SourceQuality "1"]

1. e4 d6 2. d4 Nf6 3. Nc3 g6 4. Be3 Bg7 5. f3 c6 6. Qd2 b5 7. g4 h5 8. gxh5 Nxh5 9. Nce2 Bb7 10. 0-0-0 Nd7 11. Nf4 Ng3 12. hxg3 Rxh1 13. Bh3 Qc7 14. Qg2 Rxg1 15. Qxg1 0-0-0 16. Rd3 Kb8 17. Bxd7 Qxd7 18. Qe1 Qc7 19. a4 a6 20. Bd2 Rc8 21. Ba5 Qd7 22. Bb6 e6 23. Kb1 Qe8 24. e5 d5 25. Qa5 Bf8 26. Rb3 Be7 27. Nd3 bxa4 28. Qxa4 c5 29. Qxe8 Rxe8 30. Bxc5 Ka8 31. Rb6 Bd8 32. Rd6 Bc8 33. Bb4 Bc7 34. Rc6 Kb7 35. Rc3 Bb6 36. Bc5 Bc7 37. Bd6 Bb6 38. Nc5+ Ka7 39. b4 Bb7 40. Ra3 Bxc5 41. Bxc5+ Kb8 42. Rc3 Bc6 43. Kc1 Kb7 44. Kd2 Bb5 45. Ke3 g5 46. Bd6 Bc4 47. Kf2 Rg8 48. g4 Kc6 49. Ra3 Kd7 50. Ra1 Rh8 51. Kg3 Ke8 52. Rg1 Bb5 53. Rg2 Bc4 54. f4 gxf4+ 55. Kxf4 Bf1 56. Rf2 Bc4 57. Kg5 Rg8+ 58. Kh4 Rh8+ 59. Kg3 Bb5 60. Rf6 Bc4 61. g5 Rg8 62. Kf4 Bb5 63. Rh6 Ba4 64. Rh2 Bb5 65. Bc5 Bc4 66. Rh6 Bb5 67. Bd6 Bc4 68. Rh3 Bb5 69. Rh2 Bc4 70. Rh3 Bb5 71. Rc3 Bc4 72. b5 axb5 73. Ra3 Rg7 74. Ra8+ Kd7 75. Ra7+ Ke8 76. Bc5 1/2-1/2